000 00322 a2200133 4500
005 20250627111843.0
020 _a1098765432
082 _a657 REI
100 _aREIMERS,J.
245 _aFinancial Accounting
260 _aNew York
_bPrentence Hall
_c2007
300 _axxi,752p.:ill., tables
_bIndex
_c28cm.
942 _2ddc
_cBKS
999 _c5558
_d5558